000 00638nam a2200241Ia 4500
003 OSt
005 20221007073503.0
006 a|||||r|||| 00| 0
007 ta
008 221006b |||||||| |||| 00| 0 eng d
024 _a1,889
037 _cReference Collections
040 _aFLL
_cFLL
_beng
041 _2eng
_aeng
082 _aZ,91, L5
100 _aSubbarao G. C. V. Au.
245 0 _aJurisprudence
250 _a9th
260 _aLucknow
_bEastern book company India
_c1975
650 _aJurisprudence
942 _hZ,91, L5
_cREF
_2CC
999 _c1148908
_d1148908